Theoretical Mechanics1 : (Record no. 17)
[ view plain ]
| 000 -LEADER | |
|---|---|
| fixed length control field | 00460nam a22001457a 4500 |
| 008 - FIXED-LENGTH DATA ELEMENTS--GENERAL INFORMATION | |
| fixed length control field | 250129b |||||||| |||| 00| 0 eng d |
| 020 ## - INTERNATIONAL STANDARD BOOK NUMBER | |
| International Standard Book Number | 9789789409020 |
| 100 ## - MAIN ENTRY--PERSONAL NAME | |
| Personal name | Mshelia, Elijah Dika |
| Dates associated with a name | 2022 |
| Date of a work | 20252901 |
| 245 ## - TITLE STATEMENT | |
| Title | Theoretical Mechanics1 : |
| Remainder of title | Newtonan Dynamics/ |
| Statement of responsibility, etc. | Elijah Dika Mshelia. |
| 260 ## - PUBLICATION, DISTRIBUTION, ETC. | |
| Place of publication, distribution, etc. | Ibadan, Nigeria: |
| Name of publisher, distributor, etc. | University Press,PLC Ibadan, |
| 300 ## - PHYSICAL DESCRIPTION | |
| Other physical details | xi,422p. |
| 500 ## - GENERAL NOTE | |
| Materials specified | Text book |
| Institution to which field applies | kku |
| General note | include index and ills |
| 942 ## - ADDED ENTRY ELEMENTS (KOHA) | |
| Source of classification or shelving scheme | Library of Congress Classification |
No items available.
